Dictionary of flowering plants in India (Record no. 979028)

MARC details
000 -LEADER
fixed length control field 00841nam a2200277Ia 4500
003 - CONTROL NUMBER IDENTIFIER
control field OSt
005 - DATE AND TIME OF LATEST TRANSACTION
control field 20221005072214.0
008 - FIXED-LENGTH DATA ELEMENTS--GENERAL INFORMATION
fixed length control field 221004b |||||||| |||| 00| 0 eng d
037 ## - SOURCE OF ACQUISITION
Terms of availability Textual
040 ## - CATALOGING SOURCE
Original cataloging agency CRL
Transcribing agency CRL
Language of cataloging eng
041 ## - LANGUAGE CODE
Source of code eng
Language code of text/sound track or separate title eng
100 ## - MAIN ENTRY--PERSONAL NAME
Personal name Santapau H.
9 (RLIN) 47491
245 #0 - TITLE STATEMENT
Title Dictionary of flowering plants in India
260 ## - PUBLICATION, DISTRIBUTION, ETC.
Place of publication, distribution, etc. New Delhi
Name of publisher, distributor, etc. Council of Scientific and Industrial Research India
Date of publication, distribution, etc. 1994
300 ## - PHYSICAL DESCRIPTION
Extent 198p.
Dimensions cm.
650 ## - SUBJECT ADDED ENTRY--TOPICAL TERM
Topical term or geographic name entry element BOTANY
650 ## - SUBJECT ADDED ENTRY--TOPICAL TERM
Topical term or geographic name entry element FLOWERS
700 ## - ADDED ENTRY--PERSONAL NAME
Personal name Henry A. N.
942 ## - ADDED ENTRY ELEMENTS (KOHA)
Classification part I5:(P111:4k), N4
Koha item type Textual
Source of classification or shelving scheme
Holdings
Withdrawn status Lost status Damaged status Not for loan Home library Current library Date acquired Source of acquisition Cost, normal purchase price Total Checkouts Full call number Barcode Date last seen Cost, replacement price Price effective from Koha item type
        Central Library Central Library 2022-10-05 245, 31/03/2006, N. R. Book Distributors 250.00   I5:(P111:4k) N4 CL1180799 2022-10-05 250.00 2022-10-05 Textual
Copyright @ Delhi University Library System